| 000 | 00407 a2200169 4500 | ||
|---|---|---|---|
| 001 | 066546 | ||
| 003 | OSt | ||
| 005 | 20211001110956.0 | ||
| 008 | |||
| 082 |
_a811.3 _bW17W |
||
| 245 | 1 |
_aWalt whitman _cedited by Harold Bloom |
|
| 260 |
_aPhiladelphia _bChelsea House _c1985 |
||
| 300 | _a172p. | ||
| 690 | _aEnglish | ||
| 700 |
_aBloom, Harold _eEditor |
||
| 942 |
_2ddc _cBK |
||
| 999 |
_c591 _d591 |
||